000 00543nam a22001817a 4500
005 20251108170558.0
008 250721s9999 xx 000 0 ara d
082 1 4 _aم/ط/523.003/سلق
100 1 _aسلق، أحمد
_eإعداد
245 1 0 _aالموسوعة الفلكية للناشئة /
264 1 _aحلب :
_bدارالشرق العربي،
_c[19-].
650 1 7 _aالنظام الشمسي
650 1 7 _aعلم الفلك
650 1 7 _aالموسوعات
700 1 _aسلق، هيثم
942 _2ddc
_cBK
999 _c43982
_d43982